Titres de livres qui sont des citations - Statistiques

Statistiques générales
  • Ce quiz a été pris 131 fois
  • Le résultat moyen est 22 sur 80
Statistiques - réponses
Source Année Réalisateur Titre % Correct
Louis Aragon 2009 Guillaume Musso Que serais-je sans {toi}
78%
Bible 1939 John Steinbeck Les raisins de la {colère}
74%
Alphonse de Lamartine 2019 Sonia Cadet Un seul {être} vous manque
70%
John Donne 2014 Christophe Lambert Aucun {homme} n'est une île
69%
Rudyard Kipling 2020 Pierre Assouline Tu seras un {homme} mon fils
69%
Bible 1969 Michael Moorcock Voici l'{homme}
69%
Jean Racine 1957 Françoise Sagan Dans un mois, dans un {an}
68%
John Donne 1940 Ernest Hemingway Pour qui {sonne} le glas
68%
William Shakespeare 1968 Agatha Christie Mon petit {doigt} m'a dit
66%
Paul Eluard 1969 Françoise Sagan Un peu de soleil dans l'{eau} froide
66%
William Shakespeare 2012 John Green Nos {étoiles} contraires
61%
Paul Eluard 1954 Françoise Sagan Bonjour {tristesse}
60%
Victor Hugo 2023 Françoise Grard Et le jour sera pour {moi} comme la nuit
58%
Bible 2014 Xavier de Moulins Que ton règne {vienne}
58%
François Coppée 1977 Colleen McCullough Les oiseaux se {cachent} pour mourir
57%
Robert Burns 1937 John Steinbeck Des {souris} et des hommes
55%
Edgard Alan Poe 1864 Charles Baudelaire Mon coeur {mis} à nu
55%
Jean Racine 2008 Jean d'Ormesson Qu'ai-je donc {fait}
55%
Joachim du Bellay 2008 Georges Flipo Qui comme {Ulysse}
53%
Pierre de Ronsard 1991 François Cavanna {Mignonne} allons voir si la rose
52%
William Shakespeare 1931 Aldous Huxley Le meilleur des {mondes}
51%
Arthur Rimbaud 1997 Barbara Samson On n'est pas {sérieux} quand on a 17 ans
51%
Bible 2008 Cara Zina Heureux les {simples} d'esprit
49%
Bible 2010 Nathalie Rheims Car ceci est mon {sang}
48%
Alfred de Musset 2017 Amélie Nothomb Frappe-toi le {coeur}
47%
Jean de La Fontaine 2015 Marc Lambron Eh bien {dansez} maintenant
46%
William Shakespeare 1935 Dorothy Sayers Le coeur et la {raison}
42%
Guillaume Apollinaire 2005 Jean d'Ormesson Et toi mon coeur, {pourquoi} bats-tu ?
39%
Rudyard Kipling 1951 James Jones Tant qu'il y aura des {hommes}
37%
Bible 1952 John Steinbeck A l'est d'{Eden}
36%
Louis Aragon 2013 Jean d'Ormesson Un jour je m'en irai sans avoir tout {dit}
36%
Bible 1889 Guy de Maupassant Fort comme la {mort}
34%
Marcel Proust 2017 Yannick Haenel Tiens ferme ta {couronne}
34%
William Shakespeare 1929 William Faulkner Le bruit et la {fureur}
33%
Louis Aragon 2012 Luce Faber Est-ce ainsi que les hommes {vivent} ?
32%
Paul Eluard 1977 Françoise Sagan Le {lit} défait
30%
William Shakespeare 1947 Agatha Christie Le flux et le {reflux}
29%
Bible 1933 John Steinbeck Au {dieu} inconnu
27%
Guillaume Apollinaire 2018 Virginie Grimaldi Il est grand temps de {rallumer} les étoiles
23%
William Blake 1967 Agatha Christie La nuit qui ne {finit} pas
23%
Bible 2011 Fabienne Ferrere Car voici que le {jour} vient
19%
Blaise Pascal 1947 Jean Giono Un roi sans {divertissement}
19%
Marguerite Duras 2013 Marie Darrieussecq Il faut beaucoup {aimer} les hommes
18%
Camille Desmoulins 1912 Anatole France Les {dieux} ont soif
16%
Bible 1926 André Gide Si le {grain} ne meurt
16%
Charles Baudelaire 2016 Clémentine Beauvais Songe à la {douceur}
14%
Valéry Larbaud 1985 Jean d'Ormesson Le vent du {soir}
12%
Jose Maria de Heredia 2017 Claro Hors du {charnier} natal
10%
Paul Eluard 2021 Nadine Brun-Cosme La {courbe} de tes yeux
9%
Paul-Jean Toulet 1976 Raphaëlle Billetdoux Prends garde à la douceur des {choses}
9%
Louis Aragon 2010 Jean d'Ormesson C'est une chose {étrange} à la fin que le monde
8%
Guillaume Apollinaire 2003 Michel Quint {Effroyables} jardins
8%
Paul Valéry 2015 Eric Faye Il faut {tenter} de vivre
7%
Guillaume Apollinaire 2002 Philippe Labro Je connais {gens} de toutes sortes
7%
William Shakespeare 1944 John Steinbeck Lune {noire}
7%
Rudyard Kipling 2010 Mathias Enard Parle-leur de batailles, de rois et d'{éléphants}
6%
William Shakespeare 1940 Agatha Christie Je ne suis pas {coupable}
5%
Pierre de Ronsard 2009 Marcel Schneider Il faut laisser maisons et {jardins}
4%
Bible 1940 Graham Greene La {Puissance} et la Gloire
4%
William Blake 1954 Aldous Huxley Les {portes} de la perception
4%
Bible 1939 William Faulkner Si je t'oublie {Jérusalem}
4%
Jean de La Fontaine 1923 Valéry Larbaud Amants heureux {amants}
3%
Charles Baudelaire 1961 Françoise Sagan Les {merveilleux} nuages
3%
William Shakespeare 1944 Aldous Huxley L'{éternité} retrouvée
3%
Arthur Rimbaud 1988 Marguerite Yourcenar Quoi l'{éternité}
3%
William Shakespeare 2013 John Irving A moi seul bien des {personnages}
2%
William Shakespeare 1944 Mary Westmacott Loin de vous ce {printemps}
2%
Charles Baudelaire 1989 Julien Gracq La {forme} d'une ville
1%
Rupert Brooke 1920 Francis Scott Fitzgerald L'envers du {paradis}
1%
Arthur Rimbaud 1945 Philippe Soupault Le temps des {assassins}
1%
Virgile 1894 George Bernard Shaw L'homme et les {armes}
1%
Baruch Spinoza 1915 Somerset Maugham Servitude {humaine}
1%
William Shakespeare 1961 Agatha Christie Une saison {amère}
1%
Louis Aragon 2016 Jean d'Ormesson Ces moments de bonheurs ces midis d'{incendie}
0%
Arthur Rimbaud 2016 Philippe Djian Dispersez-vous {ralliez}-vous
0%
Dante Alighieri 1993 Roger Grenier Il te faudra quitter {Florence}
0%
Marcel Proust 1992 Richard Jorif Les persistants {lilas}
0%
Guillaume Apollinaire 2008 Jean d'Ormesson {Odeur} du temps
0%
Paul Valéry 1981 Hubert Reeves {Patience} dans l'azur
0%
William Shakespeare 2017 Javier Marias Si {rude} soit le début
0%
Aucun quiz correspondant
Distribution des résultats
% des personnes avec chaque résultat
Percentile par nombre de réponses
Votre historique - résultats
Vous n’avez pas pris ce quiz